| 000 | 00504nab a2200145Ia 4500 | ||
|---|---|---|---|
| 003 | ES-SlBCS | ||
| 005 | 20210601150247.0 | ||
| 008 | 140529s1982 xxu||||| |||| 00| 0 spa d | ||
| 041 | _aspa | ||
| 100 | 1 |
_aRodríguez Amenábar, Saúl Miguel _9319703 |
|
| 245 | 0 | 0 |
_aPsicoanálisis de sacerdotes y religiosos _c Saúl Miguel Rodríguez Amenábar |
| 650 | 0 | 4 |
_aPsicoanálisis de Sacerdotes y Religiosos _9321195 |
| 773 | 0 |
_tStromata (Antes: Ciencia y Fe) _gvol. 38, 1982, págs. 153-163 _wRev447 |
|
| 942 | _cAR | ||
| 999 |
_c737998 _d737998 |
||